| 000 | 01746nam a2200385 i 4500 | ||
|---|---|---|---|
| 001 | 5230460 | ||
| 003 | CZ PrSKC | ||
| 005 | 20260417091652.0 | ||
| 007 | ta | ||
| 008 | 260414s2026 xr g 000 f cze | ||
| 020 | _a9788024956428 | ||
| 040 |
_aABG001 _bcze _erda |
||
| 041 | 1 |
_acze _hger |
|
| 072 | 7 |
_a821.112.2-3 _xNěmecká próza, německy psaná _2Konspekt |
|
| 080 |
_a821.112.2-31 _2MRF |
||
| 080 |
_a(0:82-31)-055.2 _2MRF |
||
| 100 | 1 |
_aRosenthal, Rena _4aut _916049 |
|
| 240 | 1 | 0 |
_aSommerleuchten. _lČesky |
| 245 | 1 | 0 |
_aDvorní zahradnice. _pLetní záře / _cRena Rosenthal ; přeložila Zdeňka Březinová |
| 246 | 3 | 0 | _aLetní záře |
| 250 | _aVydání první | ||
| 264 | 1 |
_aPraha : _bIkar, _c2026 |
|
| 300 |
_a517 stran ; _c24 cm |
||
| 500 | _aPřeloženo z němčiny | ||
| 520 | 2 |
_aPokračování ságy o dvorní zahradnici. Marleena a její snoubenec Julius si touží splnit svůj sen - založit vlastní zahradnictví. _bOldenburg, rok 1893: Marleene a její snoubenec sní o tom, že si založí vlastní zahradnictví, kde budou pěstovat voňavé šeříky a nádherné rododendrony. Když se jim naskytne příležitost obhospodařovat kousek země, nemohou uvěřit svému štěstí. Ocenění na hamburské zahradní výstavě by jim navíc mohlo přinést vytoužený titul „dvorní zahradnictví“. Vybudovat však zahradnictví z ničeho v tak krátké době vyžaduje velké oběti. |
|
| 655 | 7 |
_aněmecké romány _947 |
|
| 655 | 7 |
_aromány pro ženy _91646 |
|
| 655 | 9 |
_aGerman fiction _948 |
|
| 655 | 9 |
_awomen's novels _96833 |
|
| 700 | 1 |
_aBřezinová, Zdeňka _4trl _920659 |
|
| 710 | 2 |
_aIkar (nakladatelství) _4pbl _920498 |
|
| 765 | 0 | _tHofgärtnerin | |
| 910 | _aABG508 | ||
| 999 |
_c34182 _d34182 |
||